000 00669nam a2200217Ia 4500
003 GCL
008 140319s9999 xx 000 0 ara d
040 _aGCL /
_cGCL
082 0 4 _a810.9
_bاا
100 1 _aاحمد درويش
_vDistributor
_@
…وزع
245 1 0 _aاحمد الشايب /
_cاحمد درويش
260 _a[S.N] :
_bالهيئة المصرية العامة للكتاب ،
_c1994
300 _a223 ص
490 _aنقاد الادب
_v0
650 0 4 _aالادب العربى
650 0 4 _aالنقد
650 0 4 _aالادباء العرب
650 0 4 _aاحمد الشايب
650 0 4 _aتاريخ ونقد
942 _2ddc
_cBK
999 _c35152
_d35152